000 00811nam a2200289Ia 4500
005 20260324114755.0
008 008 260324s9999 xx 000 0 eng d
020 _a9781003188186
037 _aEBOOK
040 _aCRL
040 _beng
040 _cCRL
041 _2eng
041 _aeng
084 _qCRL
100 _aJishnu Bhattacharyya; Manoj Kumar Dash; Chandana Hewege; M.S. Balaji; Weng Marc Lim
_91152109
245 0 _aSocial and Sustainability Marketing
245 2 _bA Casebook for Reaching Your Socially Responsible Consumers through Marketing Science
260 _bTaylor and Francis
260 _c2021
365 _a
365 _b99.99
856 _uhttp://www.taylorfrancis.com/books/9781003188186
942 _cEBOOK
999 _c1742475
_d1742475